LEADER 02285oam 2200589 450 001 9910704041103321 005 20151028134330.0 035 $a(CKB)5470000002437245 035 $a(OCoLC)886546784 035 $a(EXLCZ)995470000002437245 100 $a20140812d1987 ua 0 101 0 $aeng 135 $aurmn||||||||| 181 $ctxt$2rdacontent 182 $cc$2rdamedia 183 $acr$2rdacarrier 200 10$aDepositional environments of coal-bearing and associated formations of Cretaceous age in the National Petroleum Reserve in Alaska /$fby Henry W. Roehler 210 1$a[Reston, Va.] :$cDepartment of the Interior, U.S. Geological Survey,$d1987. 210 2$aWashington :$cUnited States Government Printing Office. 215 $a1 online resource (iii, 16 pages) $cillustrations, maps 225 1 $aU.S. Geological Survey bulletin ;$v1575 300 $aTitle from title screen (viewed Aug. 4, 2014). 320 $aIncludes bibliographical references (pages 15-16). 517 3 $aDepositional environments of coal bearing and associated formations of Cretaceous age in the National Petroleum Reserve in Alaska 606 $aGeology, Stratigraphic$yCretaceous 606 $aGeology$zAlaska$zNational Petroleum Reserve 606 $aCoal$xGeology$zAlaska$zNational Petroleum Reserve 606 $aFormations (Geology)$zAlaska$zNational Petroleum Reserve 606 $aCoal$xGeology$2fast 606 $aCretaceous Geologic Period$2fast 606 $aGeology$2fast 606 $aGeology, Stratigraphic$2fast 607 $aAlaska$zNational Petroleum Reserve$2fast 615 0$aGeology, Stratigraphic 615 0$aGeology 615 0$aCoal$xGeology 615 0$aFormations (Geology) 615 7$aCoal$xGeology. 615 7$aCretaceous Geologic Period. 615 7$aGeology. 615 7$aGeology, Stratigraphic. 700 $aRoehler$b Henry W.$01392979 712 02$aGeological Survey (U.S.), 801 0$bCOP 801 1$bCOP 801 2$bOCLCO 801 2$bOCLCF 801 2$bGPO 906 $aBOOK 912 $a9910704041103321 996 $aDepositional environments of coal-bearing and associated formations of Cretaceous age in the National Petroleum Reserve in Alaska$93543449 997 $aUNINA LEADER 01025nam 2200337 450 001 9910131197703321 005 20240207205523.0 010 $a1-55441-992-1 024 7 $a10.1522/cla.alc.ame 035 $a(CKB)3680000000167427 035 $a(NjHacI)993680000000167427 035 $a(EXLCZ)993680000000167427 100 $a20240207d2006 uy 0 101 0 $afre 135 $aur||||||||||| 181 $ctxt$2rdacontent 182 $cc$2rdamedia 183 $acr$2rdacarrier 200 12$aL'Ame?rique est-elle trop riche? /$fClaude Alphande?ry 210 1$a[Place of publication not identified] :$cJ.-M. Tremblay,$d2006. 215 $a1 online resource (177 pages) 225 0 $aClassiques des sciences sociales 607 $aAmerica$xLiteratures$xHistory and criticism 676 $a809.897 700 $aAlphande?ry$b Claude$01591943 801 0$bNjHacI 801 1$bNjHacl 906 $aBOOK 912 $a9910131197703321 996 $aL'Ame?rique est-elle trop riche$93907809 997 $aUNINA